000 00423nam a2200169 i 4500
001 bg
100 1 _aDORST, Jean
245 0 _aSiła życia /
_cJ. Dorst.
260 _aWarszawa,
_c1987.
490 1 _aBiblioteka Myśli Współczesnej
830 _aBiblioteka Myśli Współczesnej
040 _cBPK
041 _apol
080 _a502.5(091):930.85:008.2
942 _cKS
008 s pl f |000 0 pol
999 _c23662
_d23662
856 _uhttp://koha.tu.koszalin.pl/cgi-bin/koha/opac-detail.pl?biblionumber=23662
_yKatalog online BPK